000 00298nam a2200109Ia 4500
008 200302s9999 xx 000 0 und d
100 _aErrol Van Amsterdam
245 _aConstruction methods for civil engineering 2nd ed.
260 _bScientific Intenational Pvt.Ltd
260 _c2017
300 _a270
999 _c6437
_d6437